000
00296nam a2200109Ia 4500
008
200302s9999 xx 000 0 und d
100
_a
Warren Hammer
245
_a
Blueprint Reading Basics 3rd ed. Manufacturing Print Reading
260
_b
Industrial Press Inc.
260
_c
2001
300
_a
314 P.,
999
_c
1828
_d
1828